| 000 | 03194nam0a2200469 4500 | ||
|---|---|---|---|
| 001 | RU\NLR\bibl\1343578 | ||
| 005 | 20260405174752.0 | ||
| 010 |
_a978-5-02-036034-1 _9400 |
||
| 021 |
_aRU _b2009-3077 _9166 |
||
| 035 | _a(nilc)EL/0000252732 | ||
| 035 | _aRUM0054029 | ||
| 035 | _a(NLR Aleph) 001328725 | ||
| 090 |
_a786598 _c786598 |
||
| 100 | _a20090210d2008 |||y0rusy50 ca | ||
| 101 | 0 |
_arus _deng |
|
| 102 | _aRU | ||
| 105 | _aa ||||||||| | ||
| 200 | 1 |
_aПространственно-временная изменчивость структуры и динамики вод Охотского моря _dSpatial and temporal variability of the water structure and dynamics of the Sea of Okhotsk _fГ. А. Власова, А. С. Васильев, Г. В. Шевченко _gотв. ред. чл.-кор. РАН А. В. Алексеев _gРос. акад. наук, Дальневост. отд-ние, Тихоокеан. океанол. ин-т им. В. И. Ильичева [и др.] _zeng |
|
| 210 |
_aМосква _cНаука _d2008 |
||
| 215 |
_a357, [2] с., [10] л. цв. ил. _cил., портр., карт. _d24 |
||
| 300 | _aАвт. также на англ. яз.: G.A. Vlasova, A.S. Vasiliev, G.V. Shevchenko | ||
| 300 | _aВ надзаг. также: Федер. служба по гидрометеорологии и мониторингу окружающей среды, Гос. океаногр. ин-т, Федер. агентство по рыболовству, Сахал. науч.-исслед. ин-т рыб. хоз-ва и океанографии | ||
| 300 | _aРез. на англ. яз. | ||
| 320 | _aБиблиогр.: с. 343-353 (281 назв.) | ||
| 510 | 0 |
_6z73790 _aSpatial and temporal variability of the water structure and dynamics of the Sea of Okhotsk _zeng |
|
| 606 | 1 |
_aМорская вода _xСтруктура _xПространственно-временные изменения _yОхотское море _92549558 _3RU\NLR\auth\661508769 |
|
| 606 | 1 |
_aМорская вода _xДинамика _xПространственно-временные изменения _yОхотское море _92549564 _3RU\NLR\auth\661508771 |
|
| 610 | 0 |
_aводные экосистемы _aморя _aгидрология |
|
| 686 |
_a37.25.33 _2rugasnti |
||
| 686 | _aД221.9(942.2) | ||
| 686 | _aД221.3(942.2) | ||
| 700 | 1 |
_4070 _8rus _7ca _aВласова _bГ. А. _cканд. геогр. наук _gГалина Александровна _3RU\NLR\AUTH\7758163 _941095 |
|
| 701 | 1 |
_4070 _8rus _7ca _aВасильев _bА. С. _cд-р физ.-мат. наук _f1937-2008 _gАнатолий Сергеевич _3RU\NLR\AUTH\7775893 _958821 |
|
| 701 | 1 |
_4070 _8rus _7ca _aШевченко _bГ. В. _cд-р физ.-мат. наук _gГеоргий Владимирович _3RU\NLR\AUTH\7775944 _958872 |
|
| 790 | 1 |
_4070 _8rus _7ba _aVlasova _bG. A. _cканд. геогр. наук _gGalina Aleksandrovna _3RU\NLR\AUTH\7758164 _941096 |
|
| 801 | 0 |
_aRU _bЦНСХБ РАСХН _c20090210 _gRCR |
|
| 801 | 1 |
_aRU _bЦНСХБ РАСХН _c20090316 _2rusmarc |
|
| 801 | 2 |
_aRU _bNLR _c20090319 _grcr |
|
| 942 | _cBOOK | ||
| 980 | _aNB | ||